Регионална библиотека "Любен Каравелов" - Русе

Проблеми на общата психология (Запис номер 29178)

MARC детайли
000 -Лидер
Контролно поле с фиксирана дължина 01242nam a2200361 c 4500
003 - Код на организацията, давaща контролен номер
Контролно поле BLK
005 - Дата и час на последна редакция
Контролно поле 20250308134736.0
008 - Елементи от данни с фиксирана дължина
fixed length control field 180407b bul|||||r ||||||| ||bul||
010 ## - Наследен системен номер
LC control number KNG00031789000
020 ## - Международен стандартен номер на книга ISBN
Международен стандартен номер на книга ISBN 954-8510-42-1
040 ## - Източник на каталожния запис
Идентификатор на билиотеката - собственик на записа BLK
041 ## - Код за език
Код за езика на текст/звукозапис или на отделно заглавие Български
Код за езика КДБФ Български
080 ## - УДК
Текстов определител УДК Психология
УДК код - определител по УДК 159.9
УДК определител (075.8)
УДК - код + определител 159.9(075.8)
100 1# - Редна дума - Автор
Автор Минчев, Борис Симеонов
Авторска отговорност първи автор
R(LIN) 270139
139 ## - Редно поле
Редна дума Минчев, Борис Симеонов
Авторски знак Минч - М 67
245 10 - Сведения за заглавието
Заглавие Проблеми на общата психология
Редно поле (дума) Борис Симеонов Минчев.
257 ## - Страна на издаване
Страна на създаване/издаване България
260 ## - Област на издателските данни
Име на издателя, разпространителя и проч. Веда Словена-Ж.Г.
Година на издаване 2004
Печатница София : Ango boy
300 ## - Физическа характеристика
Страници 300 с.
Илюстрации и др. с табл., сх.
Размери/Мащаб 24 см
380 ## - Жанр
Жанр Философия
500 ## - Общи забележки
Забележка Библиогр. с. 285-293 ; Именен поазалец на цитираните авт.
504 ## - Забележка за наличие на библиография и др
Забележка за наличие на библиография и под. 285-293
650 #4 - Допълнително описание по предмет – тема
Основно описание – тема или топоним Психология
9 (RLIN) 168332
653 ## - Ключова дума – ненормативна
Ключова дума психология
653 ## - Ключова дума – ненормативна
Ключова дума учебници за ВУЗ
852 ## - Местоположение
Форматна сигнатура Цб 196379
856 4# - Електронен адрес и достъп
Електронен формат pdf - файл
856 4# - Електронен адрес и достъп
Електронен формат pdf - файл
999 ## - СИСТЕМНИ КОНТРОЛНИ НОМЕРА
Koha biblionumber 29178
Koha biblioitemnumber 29178
942 ## - АРТИКУЛИ
Вид на библиотечния материал Книги
Скрит в OPAC Не
Koha issues (borrowed), all copies 14
944 ## - СЪЗДАВАНЕ И РЕДАКЦИЯ на ЗАПИСА
Създаване/Редакция Създаване
Дата на регистрацията/редакция 15.01.2003
Служител, извършил регистрацията/редакцията 30570
Статус, дата на статуса Моника Янева
944 ## - СЪЗДАВАНЕ И РЕДАКЦИЯ на ЗАПИСА
Създаване/Редакция Редакция
Дата на регистрацията/редакция 23.09.2004
999 ## - СИСТЕМНИ КОНТРОЛНИ НОМЕРА
Koha biblioitemnumber 29178
Наличности
Код за отписване Код за изгубен артикул Източник на класификационната схема Код за повреда Коз за рестрикции Код за отдаване Артикулен № Име на библиотеката - собственик Име на библиотеката, в която се намира в момента Статус (Текущо местоположение) Дата на вписване в системата Местоположение - отдел Цена в лева Инвентарен номер Систематично азбучна сигнатура Баркод Номер на екземпляра Цена в евро Служебна бележка Служебен тип на артикула
  Не е изгубен Universal Decimal Classification Не е повреден без рестрикции ползва се в читалня 46915 Регионална библиотека "Любен Каравелов" Русе Регионална библиотека "Любен Каравелов" Русе Хранилище 2001-01-01 Основен фонд - ползва се само за читалня 7.00 639485 Цб 196379 120000639485 1 3.58 Дост: Pk Вид: Ф N: стар фонд Дата: 01.01.2001 Книги
  Не е изгубен Universal Decimal Classification Не е повреден без рестрикции ползва се в читалня 46916 Регионална библиотека "Любен Каравелов" Русе Регионална библиотека "Любен Каравелов" Русе Читалня 2001-01-01 Читалня 7.00 639486 Ч 159.9/М 67 120000639486 2 3.58 Дост: Pk Вид: Ф N: стар фонд Дата: 01.01.2001 Дата инв: 21.03.2017 Бележки инв: Ч2017 Книги
  Не е изгубен Universal Decimal Classification Не е повреден без рестрикции заемане за дома 46917 Регионална библиотека "Любен Каравелов" Русе Регионална библиотека "Любен Каравелов" Русе Дубликат 2004-09-20 Заемна - подръчен фонд 8.00 120000688594 П 159.9/М 67 120000688594 3 4.09 Дост: Pk Вид: Ф N: 8887 Дата: 08.09.2004 Дата инв: 01.02.2018 Бележки инв: П2018 Книги
  Не е изгубен   Не е повреден без рестрикции заемане за дома 46918 Регионална библиотека "Любен Каравелов" Русе Регионална библиотека "Любен Каравелов" Русе Заемна - подръчен фонд 2004-09-20 Заемна - подръчен фонд 8.00 120000688595 П 159.9/М 67 120000688595 4 4.09 Дост: Pk Вид: Ф N: 8887 Дата: 08.09.2004 Дата инв: 01.02.2018 Бележки инв: П2018 Книги
Vip Innovations Ltd, Rousse, Bulgaria 2025